| 000 | 00822nam a22001817a 4500 | ||
|---|---|---|---|
| 999 |
_c371345 _d371345 |
||
| 008 | 201127b ||||| |||| 00| 0 eng d | ||
| 040 |
_aDE-2950 _bger _cDE-2950 _erda |
||
| 041 | _ager | ||
| 245 |
_aHeftiges Ringen um Sanierungskonzept. _bBauschäden: Bis vor Kurzem noch Bundestagsabgeordneter, engagiert sich Martin Patzelt jetzt in seiner katholischen Kirchengemeinde in Frankfurt. Die in der Heilig-Kreuz-Kirche anstehenden Arbeiten sind nicht unumstritten / _cInes Weber-Rath |
||
| 264 | _c2022 | ||
| 653 | _aFrankfurt (Oder) | ||
| 653 | _aKatholische Kirche Heilig Kreuz | ||
| 773 |
_dFrankfurt (Oder) Märkisches Verlags- und Druckhaus GmbH & Co KG _tMärkische Oderzeitung _g33. Jahrgang (2022) Nr. 8 vom 11.01.2022, S. 15 |
||
| 942 | _cA | ||